Finish the lyrics - Statistics

General Stats
  • This quiz has been taken 1,319 times
  • The average score is 5 of 10
Answer Stats
Lyrics Answer % Correct
Baby pull me closer in the backseat of your ___ Rover
87%
Cause I'm missing more than just your ___ Body
76%
We found love in a ___ Hopeless place
73%
Gold jewellery shining so ___ Bright
72%
We push and pull like a ___ Magnet do
65%
We've come a long way, from where we ___ Began
55%
I just wanna be part of your ___ Symphony
39%
Who's gonna ___ you through... Walk
21%
I'm gonna fly like a ___ through the ___ Bird/ Night
15%
...the dark side of the ___ Morning
12%
No matching quizzes found
Score Distribution
Percent of People with Each Score
Percentile by Number Answered
Your Score History
You have not taken this quiz